Mike Posner Discography - Statistics

General Stats
  • This quiz has been taken 5 times
  • The average score is 3 of 7
Answer Stats
Type Year Name % Correct
Album 2016 At Night, Alone.
75%
EP 2010 Cooler than Me
75%
Album 2010 31 Minutes to Takeoff
50%
Mixtape 2009 One Foot Out the Door
25%
Mixtape 2011 The Layover
25%
Mixtape 2009 A Matter of Time
0%
EP 2015 The Truth
0%
No matching quizzes found
Score Distribution
Percent of People with Each Score
Percentile by Number Answered
Your Score History
You have not taken this quiz